Die 19 längsten Kanäle in Deutschland - Statistiken

Allgemein
  • Dieses Quiz wurde 80 mal gespielt
  • Das Durchschnittsergebnis liegt bei 5 aus 19
Antwortstatistiken
Länge von...bis.... Kanal % Korrekt
98 km Brunsbüttel ➡ Kiel Nord - Ostsee - Kanal
90%
223 km Hafen Dortmund ➡ Emden Dortmund - Ems - Kanal
82%
171 km Bamberg ➡ Kelheim (Rhein-) Main - Donau - Kanal
77%
325 km Bergeshövede. ➡ Hohenwarthe Mittellandkanal
71%
65 km Schmöckwitz ➡ Eisenhüttenstadt Oder - Spree - Kanal
45%
55 km Niegripp ➡ Wusterwitz Elbe - Havel - Kanal
40%
60 km Wesel ➡ Datteln Wesel - Datteln - Kanal
25%
115 km Edesbüttel ➡ Artlenburg Elbe - Seitenkanal
22%
45 km Hafen Duisburg ➡ Henrichenburg Rhein - Herne - Kanal
14%
47 km Datteln ➡ Schmehausen Datteln - Hamm - Kanal
13%
121 km Elbe ➡ Mecklenb. Seenplatte Müritz - Elde - Wasserstraße
13%
61 km Lauenburg ➡ Lübeck Elbe - Lübeck - Kanal
12%
69 km Oldenburg ➡ Dörpen (Ems) Küstenkanal
4%
54 km Oranienburg ➡ Niederfinow Oder - Havel - Kanal
4%
32 km Kl. Müritz ➡ Ellbogensee Müritz - Havel - Wasserstraße
3%
38 km Potsdam ➡ Berlin - Grünau /Köpenick Teltowkanal
3%
34 km Göttinsee ➡ Nieder - Neuendorf Havelkanal
1%
42 km Hohensaaten ➡ Friedrichsthal Hohensaaten - Friedrichsthaler
1%
45 km Müritz - Elde - Wasserstr. ➡Schweriner See Störkanal
1%
Keine übereinstimmenden Quizze gefunden
Verteilung der Resultate
Anzahl Personen mit jedem Resultat
Perzentil nach korrekt beantworteten Fragen
Ihre Resultats-Entwicklung
Sie haben dieses Quiz noch nicht gespielt